00588nam a2200205Ia 450000500170000000800410001702000290005804000190008704100120010608200170011810000150013524500710015025000120022126000310023330000100026450400500027465000210032465100270034585000100037220230502142412.0140110s9999 xx 000 0 und d a9789380184036cRs.675.00 aLoreto College aEnglish a658.022bKHA aKhari,D.S. aWomen empowerment through entrepreneurship developmentcD.S. Khari a1st ed. aNew DelhibAlp booksc2009 a234p. aIncludes bibliographical references and index aEntrepreneurship aWomen-Entrepreneurship aLCLIB